[Event "Stay Safe Play From Home 265"]
[Site "Emanuel Lasker Arena"]
[Date "2020.06.30"]
[Round "7"]
[White "Fischer_11"]
[Black "Uber_WING"]
[Result "0-1"]
[WhiteElo "2019"]
[BlackElo "2390"]
[Annotator "NA"]
[PlyCount "58"]
[EventDate "2020.06.30"]
[EventType "swiss (blitz)"]

1. e4 {[%emt 0:00:02]} e5 {[%emt 0:00:00]} 2. Nc3 {[%emt 0:00:01]} d6 {[%emt 0:00:00]} 3. Bc4 {[%emt 0:00:00]} Nc6 {[%emt 0:00:00]} 4. d3 {[%emt 0:00:01]} Be6 {[%emt 0:00:00]} 5. Bb5 {[%emt 0:00:01]} a6 {[%emt 0:00:01]} 6. Ba4 {[%emt 0:00:00]} f5 {[%emt 0:00:01]} 7. f4 {[%emt 0:00:02]} Nf6 {[%emt 0:00:01]} 8. Nf3 {[%emt 0:00:02]} b5 {[%emt 0:00:02]} 9. Bb3 {[%emt 0:00:01]} Bxb3 {[%emt 0:00:00]} 10. axb3 {[%emt 0:00:00]} Be7 {[%emt 0:00:01]} 11. fxe5 {[%emt 0:00:02]} dxe5 {[%emt 0:00:00]} 12. exf5 {[%emt 0:00:01]} O-O {[%emt 0:00:00]} 13. O-O {[%emt 0:00:01]} Bc5+ {[%emt 0:00:00]} 14. Kh1 {[%emt 0:00:02]} Bb6 {[%emt 0:00:00]} 15. Qe2 {[%emt 0:00:01]} Qd7 {[%emt 0:00:00]} 16. Be3 {[%emt 0:00:01]} Bxe3 {[%emt 0:00:02]} 17. Qxe3 {[%emt 0:00:00]} Qxf5 {[%emt 0:00:01]} 18. Nd4 {[%emt 0:00:06]} exd4 {[%emt 0:00:02]} 19. Rxf5 {[%emt 0:00:02]} dxe3 {[%emt 0:00:01]} 20. Re1 {[%emt 0:00:03]} Nd4 {[%emt 0:00:00]} 21. Re5 {[%emt 0:00:03]} Rae8 {[%emt 0:00:02]} 22. Rxe8 {[%emt 0:00:02]} Rxe8 {[%emt 0:00:00]} 23. h3 {[%emt 0:00:03]} Nxc2 {[%emt 0:00:01]} 24. Re2 {[%emt 0:00:00]} Nd4 {[%emt 0:00:00]} 25. Re1 {[%emt 0:00:01]} Nh5 {[%emt 0:00:01]} 26. Ne4 {[%emt 0:00:01]} e2 {[%emt 0:00:01]} 27. Kh2 {[%emt 0:00:02]} Nf4 {[%emt 0:00:01]} 28. Kg3 {[%emt 0:00:01]} Nxd3 {[%emt 0:00:01]} 29. Rxe2 {[%emt 0:00:00]} Nxe2+ {[%emt 0:00:00] Fischer_11 gibt auf (Lag: Av=0.54s, max=0.7s)} 0-1

[Event "Stay Safe Play From Home 265"]
[Site "Emanuel Lasker Arena"]
[Date "2020.06.30"]
[Round "7"]
[White "EL sanbary"]
[Black "Jhhonnyy"]
[Result "0-1"]
[WhiteElo "1930"]
[BlackElo "2321"]
[Annotator "TA"]
[PlyCount "122"]
[EventDate "2020.06.30"]
[EventType "swiss (blitz)"]

{[%evp 14,122,10,5,18,16,51,-2,83,-2,0,-33,-8,-43,-40,-42,-50,-68,-62,-154,-118,-120,-105,-146,-31,-40,-33,-111,-31,-45,-35,-44,-5,-5,-7,-6,-6,-20,-4,-39,0,0,0,0,18,18,71,0,40,-10,-11,-267,-39,-127,-48,-69,-45,-130,-136,-207,-188,-602,-601,-575,-568,-561,-535,-516,-508,-660,-730,-29960,-29962,-29962,-29963,-29962,-29963,-29967,-29949,-12794,-9514,-6095,-4933,-5514,-5506,-1650,0,-29985,-29986,-29988,-29989,-29992,-29983,-29987,-29988,-29989,-29990,-29990,-29991,-29991,-29992,-29992,-29991,-29991,-29992,-29992,-29993,-29993,-29994,-29994,-29995]} 1. c4 g6 2. g3 Bg7 3. Bg2 c5 4. Nc3 Nc6 5. e4 e6 6. Nge2 Nge7 7. O-O O-O 8. d3 Rb8 {A36: Symmetrical English vs ...g6: 4 Bg2 Bg7.} 9. Be3 d6 10. Qd2 (10. d4 $14) 10... Re8 {[#]} (10... Nd4 $11 {remains equal.}) 11. f4 (11. d4 $1 $16) 11... Nd4 $11 {[#]} 12. g4 $146 ({Predecessor:} 12. Rf2 a6 13. Raf1 b5 14. b3 b4 15. Nd1 a5 16. g4 f5 17. Bxd4 cxd4 18. g5 Bd7 {0-1 (34) Rebeggiani,L (2035)-Mrdja,M (2392) Senigallia 2010}) 12... a6 13. Rf2 b5 14. Raf1 f5 15. gxf5 exf5 16. exf5 (16. Re1 $15) 16... Nexf5 17. Bxd4 Nxd4 18. Kh1 {[#]} Bb7 (18... Nf5 $1 $17 {Hoping for ...bxc4.} 19. Be4 Qh4) 19. Bxb7 $15 Rxb7 20. Nd5 (20. Ng3 $15) 20... Rf7 (20... Nxe2 $17 21. Rxe2 bxc4 22. Rxe8+ Qxe8) 21. Nxd4 Bxd4 22. Re2 Rxe2 23. Qxe2 Kg7 24. b3 Qd7 25. Qf3 Qf5 26. Qe4 bxc4 {...c3 is the strong threat.} (26... Qxe4+ {seems wilder.} 27. dxe4 bxc4 28. bxc4 Rb7 29. a4 h6) 27. Qxf5 Rxf5 28. dxc4 {[%mdl 4096] Endgame KRB-KRN} Rf7 29. Kg2 Rf8 (29... a5 $11) 30. Kg3 (30. Re1 $16) 30... Re8 31. Rf3 Re2 32. f5 $2 {[%mdl 8192]} (32. a4 $11 {and White stays safe.}) 32... gxf5 $2 ({Less strong is} 32... Rxa2 33. fxg6 Be5+ 34. Kg4 $17) (32... Be5+ $19 33. Kh4 Rxh2+ 34. Rh3 Rxa2 35. fxg6 hxg6) 33. Rxf5 (33. Kf4 $15) 33... Rxa2 ({Black should try} 33... Be5+ $17 34. Kg4 Rg2+ 35. Kf3 Rxa2 36. Rg5+ Kf7) 34. Rg5+ Kf8 (34... Kh8 {looks sharper.} 35. Ne7 Bg7 36. Rd5 Be5+ 37. Kf3 Rb2) 35. Rh5 {Black continues to play with concentration.} (35. Rf5+ $15 Kg7 36. h4) 35... Be5+ $17 36. Kf3 (36. Kg4 $17) 36... Rxh2 $19 37. Rxh2 $2 (37. Rf5+ Kg7 38. Kg4) 37... Bxh2 {KB-KN} 38. Kg4 Be5 39. Kh5 Kg7 40. Nc7 a5 41. Ne6+ Kf6 42. Ng5 {[#]} h6 $1 43. Ne4+ (43. Kxh6 Bf4) 43... Kf5 44. Nf2 Bf4 45. Ng4 Ke4 46. Nf6+ Ke5 47. Nd5 Bg5 48. Nc7 Kd4 49. Nb5+ Ke5 $2 ({Better is} 49... Kd3 $19 {aiming for ...Kc2.} 50. Kg4 Kc2) 50. Nxd6 $2 {[%mdl 8192]} (50. Nc7 $11 Ke4 51. Nb5) 50... Kxd6 $11 {KB-KPP. Black mates.} 51. Kg6 Ke5 52. b4 Kd4 53. b5 a4 54. b6 Bf4 55. b7 Bb8 56. Kf5 a3 57. Ke6 Kxc4 58. Kd7 Bf4 59. Kc8 a2 60. b8=Q Bxb8 61. Kxb8 a1=Q {Accuracy: White = 37%, Black = 59%.} 0-1

[Event "Stay Safe Play From Home 265"]
[Site "Emanuel Lasker Arena"]
[Date "2020.06.30"]
[Round "7"]
[White "Klasman"]
[Black "Trotsky"]
[Result "1-0"]
[WhiteElo "1292"]
[BlackElo "1623"]
[Annotator "NA RC"]
[PlyCount "61"]
[EventDate "2020.06.30"]
[EventType "swiss (blitz)"]

1. f4 {[%emt 0:00:02]} d5 {[%emt 0:00:01]} 2. Nf3 {[%emt 0:00:02]} e6 {[%emt 0:00:00]} 3. e3 {[%emt 0:00:01]} c5 {[%emt 0:00:01]} 4. c4 {[%emt 0:00:01]} Nc6 {[%emt 0:00:01]} 5. d4 {[%emt 0:00:01]} Bd6 {[%emt 0:00:02]} 6. Nc3 {[%emt 0:00:03]} Nf6 {[%emt 0:00:02]} 7. Bd3 {[%emt 0:00:02]} a6 {[%emt 0:00:01]} 8. Bd2 {[%emt 0:00:03]} Qc7 {[%emt 0:00:01]} 9. O-O {[%emt 0:00:02]} Bd7 {[%emt 0:00:01]} 10. Ne5 {[%emt 0:00:02]} Nxe5 {[%emt 0:00:03]} 11. fxe5 {[%emt 0:00:01]} Bxe5 {[%emt 0:00:01]} 12. dxe5 {[%emt 0:00:01]} Qxe5 {[%emt 0:00:01]} 13. cxd5 {[%emt 0:00:02]} h5 {[%emt 0:00:01]} 14. dxe6 {[%emt 0:00:03]} Ng4 {[%emt 0:00:01]} 15. g3 {[%emt 0:00:04]} Bxe6 {[%emt 0:00:06]} 16. Qf3 {[%emt 0:00:01]} O-O-O {[%emt 0:00:03]} 17. Be4 {[%emt 0:00:04]} Kb8 {[%emt 0:00:04]} 18. Rad1 {[%emt 0:00:04]} g6 {[%emt 0:00:02]} 19. Bxb7 {[%emt 0:00:01]} f5 {[%emt 0:00:02]} 20. Bxa6 {[%emt 0:00:01]} Rd7 {[%emt 0:00:06]} 21. Qc6 {[%emt 0:00:03]} Rc7 {[%emt 0:00:03]} 22. Qb6+ {[%emt 0:00:02]} Ka8 {[%emt 0:00:05]} 23. Nb5 {[%emt 0:00:02]} Rb8 {[%emt 0:00:03]} 24. Nxc7+ {[%emt 0:00:02]} Qxc7 {[%emt 0:00:03]} 25. Qxc7 {[%emt 0:00:01]} Bd5 {[%emt 0:00:02]} 26. Qxc5 {[%emt 0:00:02]} h4 {[%emt 0:00:02]} 27. Qxd5+ {[%emt 0:00:01]} Ka7 {[%emt 0:00:01]} 28. Qb7+ {[%emt 0:00:01]} Rxb7 {[%emt 0:00:01]} 29. Bxb7 {[%emt 0:00:01]} Kxb7 {[%emt 0:00:01]} 30. e4 {[%emt 0:00:01]} hxg3 {[%emt 0:00:01]} 31. Bf4 {[%emt 0:00:01] . Âðåìÿ (Lag: Av=0.40s, max=2.5s)} 1-0

[Event "Stay Safe Play From Home 265"]
[Site "Emanuel Lasker Arena"]
[Date "2020.06.30"]
[Round "8"]
[White "Mepe_Nika"]
[Black "Lazieri3"]
[Result "1-0"]
[WhiteElo "2350"]
[BlackElo "2085"]
[Annotator "TA"]
[PlyCount "31"]
[EventDate "2020.06.30"]
[EventType "swiss (blitz)"]

{[%evp 9,31,21,19,22,68,66,75,71,71,70,68,72,85,77,94,95,90,50,145,146,152,131,440,409]} 1. c4 c5 2. b3 Nc6 3. Bb2 Nf6 4. g3 d6 5. Bg2 Bf5 6. Nf3 {[#] A30: Symmetrical English: Double Fianchetto and Hedgehog.} Bxb1 $146 ({Predecessor:} 6... e6 7. O-O Be7 8. Nc3 O-O 9. d4 cxd4 10. Nxd4 Nxd4 11. Qxd4 Qd7 12. e4 Bg6 {0-1 (25) Piankov,E (2347)-Aine,O (1851) La Fere 2005}) 7. Rxb1 g6 8. O-O {White is better.} Bg7 9. d4 cxd4 10. Nxd4 Nxd4 11. Qxd4 O-O 12. Bxb7 Rb8 13. Bg2 ({Don't go for} 13. Qxa7 $2 Qc7 $19) 13... Qb6 ({Better is} 13... Qa5 $14) 14. Qxb6 $16 axb6 15. a4 b5 $2 {[%mdl 8192] [#]} (15... Nd7 $16 16. Ba3 Rfc8) 16. cxb5 {Accuracy: White = 85%, Black = 53%.} 1-0

[Event "Stay Safe Play From Home 265"]
[Site "Emanuel Lasker Arena"]
[Date "2020.06.30"]
[Round "8"]
[White "Jhhonnyy"]
[Black "BrainThinker22"]
[Result "0-1"]
[WhiteElo "2324"]
[BlackElo "2253"]
[Annotator "NA"]
[PlyCount "182"]
[EventDate "2020.06.30"]
[EventType "swiss (blitz)"]

1. d4 {[%emt 0:00:03]} d5 {[%emt 0:00:01]} 2. c4 {[%emt 0:00:00]} e6 {[%emt 0:00:00]} 3. Nf3 {[%emt 0:00:00]} c5 {[%emt 0:00:00]} 4. cxd5 {[%emt 0:00:01]} exd5 {[%emt 0:00:00]} 5. g3 {[%emt 0:00:00]} Nc6 {[%emt 0:00:00]} 6. Bg2 {[%emt 0:00:00]} Nf6 {[%emt 0:00:00]} 7. O-O {[%emt 0:00:00]} Be7 {[%emt 0:00:01]} 8. Nc3 {[%emt 0:00:01]} O-O {[%emt 0:00:02]} 9. dxc5 {[%emt 0:00:00]} Bxc5 {[%emt 0:00:01]} 10. Na4 {[%emt 0:00:00]} Bd6 {[%emt 0:00:01]} 11. Be3 {[%emt 0:00:00]} Re8 {[%emt 0:00:02]} 12. Rc1 {[%emt 0:00:00]} Ng4 {[%emt 0:00:01]} 13. Bc5 {[%emt 0:00:01]} Bxc5 {[%emt 0:00:01]} 14. Nxc5 {[%emt 0:00:00]} b6 {[%emt 0:00:02]} 15. Nb3 {[%emt 0:00:02]} Bb7 {[%emt 0:00:01]} 16. Nbd4 {[%emt 0:00:01]} Nge5 {[%emt 0:00:01]} 17. Qa4 {[%emt 0:00:02]} Nxd4 {[%emt 0:00:02]} 18. Nxd4 {[%emt 0:00:00]} Nc4 {[%emt 0:00:01]} 19. b3 {[%emt 0:00:02]} Nd2 {[%emt 0:00:01]} 20. Rfd1 {[%emt 0:00:02]} Ne4 {[%emt 0:00:00]} 21. Nf3 {[%emt 0:00:03]} Qf6 {[%emt 0:00:02]} 22. e3 {[%emt 0:00:01]} Nc3 {[%emt 0:00:06]} 23. Rxc3 {[%emt 0:00:04]} Qxc3 {[%emt 0:00:00]} 24. Qd4 {[%emt 0:00:01]} Qxd4 {[%emt 0:00:01]} 25. Nxd4 {[%emt 0:00:00]} a6 {[%emt 0:00:02]} 26. h4 {[%emt 0:00:01]} Rac8 {[%emt 0:00:01]} 27. h5 {[%emt 0:00:00]} g6 {[%emt 0:00:01]} 28. hxg6 {[%emt 0:00:01]} hxg6 {[%emt 0:00:00]} 29. Bf3 {[%emt 0:00:01]} Rc5 {[%emt 0:00:01]} 30. Kg2 {[%emt 0:00:01]} Rec8 {[%emt 0:00:01]} 31. Rd2 {[%emt 0:00:00]} b5 {[%emt 0:00:02]} 32. g4 {[%emt 0:00:01]} Kg7 {[%emt 0:00:01]} 33. Kg3 {[%emt 0:00:00]} R8c7 {[%emt 0:00:01]} 34. Bg2 {[%emt 0:00:01]} Bc8 {[%emt 0:00:01]} 35. Bf3 {[%emt 0:00:01]} Be6 {[%emt 0:00:01]} 36. Ne2 {[%emt 0:00:01]} Rc2 {[%emt 0:00:02]} 37. Rd4 {[%emt 0:00:01]} Rxa2 {[%emt 0:00:02]} 38. Nf4 {[%emt 0:00:00]} Rcc2 {[%emt 0:00:01]} 39. Nxd5 {[%emt 0:00:02]} Bxd5 {[%emt 0:00:01]} 40. Rxd5 {[%emt 0:00:00]} Rxf2 {[%emt 0:00:01]} 41. Rd7 {[%emt 0:00:00]} Rfd2 {[%emt 0:00:01]} 42. Rb7 {[%emt 0:00:02]} a5 {[%emt 0:00:01]} 43. Rxb5 {[%emt 0:00:01]} a4 {[%emt 0:00:00]} 44. bxa4 {[%emt 0:00:01]} Rxa4 {[%emt 0:00:00]} 45. Rb7 {[%emt 0:00:00]} Ra3 {[%emt 0:00:01]} 46. Kf4 {[%emt 0:00:01]} Rdd3 {[%emt 0:00:01]} 47. Re7 {[%emt 0:00:02]} Ra4+ {[%emt 0:00:01]} 48. Kg3 {[%emt 0:00:01]} Rd6 {[%emt 0:00:00]} 49. Re5 {[%emt 0:00:01]} Re6 {[%emt 0:00:01]} 50. Rxe6 {[%emt 0:00:01]} fxe6 {[%emt 0:00:00]} 51. g5 {[%emt 0:00:00]} Kf7 {[%emt 0:00:01]} 52. Be2 {[%emt 0:00:01]} Ke7 {[%emt 0:00:01]} 53. Kf3 {[%emt 0:00:00]} Ra3 {[%emt 0:00:00]} 54. Bd1 {[%emt 0:00:01]} Kd6 {[%emt 0:00:00]} 55. Bc2 {[%emt 0:00:00]} Ke5 {[%emt 0:00:01]} 56. Bxg6 {[%emt 0:00:00]} Ra1 {[%emt 0:00:01]} 57. Bd3 {[%emt 0:00:01]} Rg1 {[%emt 0:00:01]} 58. g6 {[%emt 0:00:00]} Rg5 {[%emt 0:00:01]} 59. Ke2 {[%emt 0:00:01]} Kf6 {[%emt 0:00:00]} 60. Kf3 {[%emt 0:00:00]} e5 {[%emt 0:00:00]} 61. Be4 {[%emt 0:00:01]} Rh5 {[%emt 0:00:00]} 62. Ke2 {[%emt 0:00:00]} Rh8 {[%emt 0:00:00]} 63. Kd3 {[%emt 0:00:00]} Kg7 {[%emt 0:00:00]} 64. Kc4 {[%emt 0:00:00]} Rd8 {[%emt 0:00:00]} 65. Kc5 {[%emt 0:00:01]} Kf6 {[%emt 0:00:00]} 66. Bd5 {[%emt 0:00:00]} Rc8+ {[%emt 0:00:01]} 67. Kd6 {[%emt 0:00:01]} Rd8+ {[%emt 0:00:00]} 68. Kc5 {[%emt 0:00:00]} Re8 {[%emt 0:00:00]} 69. Kd6 {[%emt 0:00:00]} Kg7 {[%emt 0:00:01]} 70. Be4 {[%emt 0:00:00]} Rf8 {[%emt 0:00:00]} 71. Kd5 {[%emt 0:00:00]} Rf6 {[%emt 0:00:00]} 72. Kxe5 {[%emt 0:00:00]} Rf8 {[%emt 0:00:00]} 73. Ke6 {[%emt 0:00:00]} Re8+ {[%emt 0:00:00]} 74. Kd5 {[%emt 0:00:00]} Rd8+ {[%emt 0:00:00]} 75. Kc4 {[%emt 0:00:01]} Rc8+ {[%emt 0:00:00]} 76. Kd4 {[%emt 0:00:00]} Rb8 {[%emt 0:00:00]} 77. Kd3 {[%emt 0:00:00]} Rc8 {[%emt 0:00:00]} 78. Ke2 {[%emt 0:00:00]} Rd8 {[%emt 0:00:00]} 79. Kf3 {[%emt 0:00:00]} Re8 {[%emt 0:00:00]} 80. Bf5 {[%emt 0:00:00]} Re7 {[%emt 0:00:00]} 81. e4 {[%emt 0:00:00]} Re8 {[%emt 0:00:00]} 82. Kf4 {[%emt 0:00:00]} Rf8 {[%emt 0:00:00]} 83. e5 {[%emt 0:00:00]} Re8 {[%emt 0:00:00]} 84. Ke4 {[%emt 0:00:00]} Rf8 {[%emt 0:00:00]} 85. Kd5 {[%emt 0:00:00]} Re8 {[%emt 0:00:00]} 86. e6 {[%emt 0:00:00]} Re7 {[%emt 0:00:00]} 87. Ke5 {[%emt 0:00:00]} Re8 {[%emt 0:00:00]} 88. Be4 {[%emt 0:00:00]} Rd8 {[%emt 0:00:00]} 89. Bd5 {[%emt 0:00:00]} Rc8 {[%emt 0:00:00]} 90. Bc6 {[%emt 0:00:00]} Rb8 {[%emt 0:00:00]} 91. Bd7 {[%emt 0:00:00]} Rb6 {[%emt 0:00:00] Zeit (Lag: Av=0.35s, max=0.8s)} 0-1

[Event "Stay Safe Play From Home 265"]
[Site "Emanuel Lasker Arena"]
[Date "2020.06.30"]
[Round "8"]
[White "Lamborghini"]
[Black "Bardellosport"]
[Result "1-0"]
[WhiteElo "2324"]
[BlackElo "2061"]
[Annotator "TA"]
[PlyCount "45"]
[EventDate "2020.06.30"]
[EventType "swiss (blitz)"]

{[%evp 9,45,25,66,67,69,49,59,44,103,100,104,117,208,228,212,210,210,0,-18,-10,-14,-64,0,-81,-90,-102,-56,-99,162,158,145,-25,1500,1489,1418,1421,1402,1402]} 1. e4 c6 2. d3 d5 3. Nd2 e6 4. Ngf3 {[#]} a6 $146 ({Predecessor:} 4... Nf6 5. g3 Be7 6. Bg2 O-O 7. O-O b6 8. Re1 Bb7 9. h4 c5 10. e5 Nfd7 11. c4 Qc7 12. Nb1 dxc4 13. dxc4 Rd8 14. Qe2 Nc6 15. Nc3 {½-½ (28) Kapnisis,S (2459)-Oglaza,O (2340) Heraklion 2019}) 5. d4 b5 6. Bd3 {B10: Caro-Kann: 2 d3 and 2 c4.} Bb7 7. O-O Nd7 8. Re1 {White is slightly better.} dxe4 ({Better is} 8... c5 $14) 9. Nxe4 $16 Ngf6 10. Neg5 Be7 (10... c5 $16) 11. Nxf7 $18 Kxf7 12. Ng5+ $1 ({Inferior is} 12. Qe2 Nf8 $15) 12... Kg8 13. Qe2 $2 (13. Nxe6 $18 Qb6 14. Bf4) 13... Nf8 $1 $11 14. Nxe6 Nxe6 15. Qxe6+ {[%mdl 64] Double Attack} Kf8 16. Bf4 {[#]} (16. Bg5 $11 {remains equal.}) 16... Qd7 $1 $17 17. Qe3 Re8 18. Qg3 h6 $2 {[%mdl 8192]} (18... Qg4 $17 {and life is bright.} 19. Qxg4 Nxg4) 19. Bg6 $40 {[%mdl 128] Black must now prevent Re2. White has strong attack.} Rd8 {[#]} 20. Be5 $2 ({And not} 20. Qb3 Qd5 $15) (20. Re2 $1 $16 {Threatens to win with Rae1.} Bc8 21. Rae1) 20... Qg4 $2 {[%mdl 8192]} (20... h5 $11) 21. Bxf6 $1 {White is clearly winning.} Qxg3 22. Bxe7+ Kg8 23. hxg3 {Accuracy: White = 67%, Black = 45%.} 1-0

[Event "Stay Safe Play From Home 265"]
[Site "Emanuel Lasker Arena"]
[Date "2020.06.30"]
[Round "8"]
[White "Toosieslide"]
[Black "SoulofWolf"]
[Result "0-1"]
[WhiteElo "2300"]
[BlackElo "2189"]
[Annotator "TA"]
[PlyCount "90"]
[EventDate "2020.06.30"]
[EventType "swiss (blitz)"]

{[%evp 21,90,63,55,0,37,18,55,81,70,56,194,170,206,204,328,318,321,304,317,256,282,-506,-518,-548,-494,-527,-527,-518,-518,-602,-591,-722,-583,-944,0,-1369,-500,-733,-724,-914,-916,-907,-878,-893,-881,-941,-947,-909,-907,-935,-916,-894,-877,-1142,-1088,-1382,-1360,-29978,-29979,-29982,-29983,-29989,-29987,-29987,-5705,-5618,-5141,-5141,-669,-29992,-656]} 1. d4 e6 2. c4 c5 3. d5 Nf6 4. Nc3 exd5 5. cxd5 d6 6. Nf3 g6 7. e4 Bg7 8. h3 O-O 9. Bd3 Re8 10. O-O a6 11. a4 Nbd7 12. Nd2 {A70: Modern Benoni: 6 e4 g6 7 Nf3.} (12. a5 $14) 12... Ne5 13. Be2 h5 14. f4 {White is slightly better.} Ned7 15. Bd3 {[#]} Nf8 $146 (15... Ng4 $14) ({Predecessor:} 15... Rb8 16. Re1 h4 17. Nc4 Nb6 18. Nd2 Nh5 19. Nf3 Bh6 20. a5 Nd7 21. e5 dxe5 22. fxe5 Bxc1 23. Qxc1 Nf8 {1-0 (31) Draci,R (2176)-Ntatsis,G (1989) Athens 2006}) 16. Nc4 $18 Rb8 {[#]} 17. a5 $1 Bd7 (17... h4 $142 18. Qf3 Nh5) 18. e5 ({But not} 18. Nxd6 $6 Bg4 $16) 18... dxe5 19. fxe5 N6h7 20. Nd6 Re7 21. Bg5 $4 {[%mdl 8192]} (21. Bf4 $18 {and all is fine.}) 21... Nxg5 $19 22. Qd2 Bxe5 23. Nc4 Bd4+ 24. Kh1 Nfh7 25. d6 Re8 {Hoping for ...Nxh3!} 26. Nd5 {[#]} Nxh3 $1 27. Ne7+ (27. gxh3 Bc6) 27... Kh8 $2 (27... Rxe7 $19 28. dxe7 Qxe7) 28. Qh6 $2 {[%mdl 8192]} (28. Rxf7 $11 N3g5 29. Nxg6+ Kg8 30. Ne7+ Kh8 31. Raf1) 28... N3g5 (28... Rxe7 $142 29. gxh3 Bxh3) 29. Bxg6 fxg6 30. Nxg6+ Kg8 31. Ne7+ Rxe7 $1 32. dxe7 Qxe7 {aiming for ...Ne4.} 33. Qg6+ Qg7 34. Qxg7+ Bxg7 35. Nd6 Rf8 36. Rxf8+ Bxf8 37. Nxb7 Bc6 38. Rb1 Bxb7 39. b4 Be4 40. Rc1 cxb4 41. Rc7 Nf6 42. Rc8 Bxg2+ (42... Ne6 $142 43. Rb8 Nd7 44. Rc8 Nec5 45. Kg1 b3 46. Kf2 b2 47. g4 b1=Q 48. gxh5 Qd3 49. Re8 Qf3+ {[%mdl 64] Double Attack} 50. Ke1 Nd3+ 51. Kd2 Qf2+ 52. Kd1 Bf3+ {[%mdl 64] Double Attack} 53. Re2 Qxe2#) 43. Kxg2 Nge4 44. Rb8 Nd6 45. Rb5 Kf7 {Accuracy: White = 48%, Black = 29%.} (45... Nxb5 $142 46. Kg3 b3 47. Kg2 b2 48. Kh1 b1=Q+ 49. Kg2 Ng4 50. Kf3 Qf1+ 51. Kg3 Qf2+ 52. Kh3 Qh2#) 0-1

[Event "Stay Safe Play From Home 265"]
[Site "Emanuel Lasker Arena"]
[Date "2020.06.30"]
[Round "8"]
[White "The Next Contender"]
[Black "Uber_WING"]
[Result "0-1"]
[WhiteElo "1902"]
[BlackElo "2393"]
[Annotator "TA"]
[PlyCount "92"]
[EventDate "2020.06.30"]
[EventType "swiss (blitz)"]

{[%evp 9,92,-22,-16,-32,19,0,44,35,28,26,41,41,40,-26,39,-37,-32,-56,-16,-7,44,42,50,37,180,182,176,182,189,175,194,81,236,201,312,318,295,287,283,221,203,115,101,63,164,188,204,159,193,193,222,224,213,169,281,250,296,314,442,411,415,412,406,406,536,506,1673,756,756,756,528,417,728,718,590,306,1329,1304,1168,1014,29985,29986,29983,2803,29992]} 1. d4 c5 2. c4 cxd4 3. Qxd4 Nc6 4. Qd1 e5 5. Nf3 Nf6 6. g3 {A31: Symmetrical English: 2 Nf3 Nf6 3 d4.} Bc5 (6... d5 $15) 7. Bg2 Qb6 8. O-O {White is slightly better.} O-O 9. e3 {[#]} d6 $146 ({Predecessor:} 9... Re8 10. Nc3 d6 11. a3 Qc7 12. Bd2 Bg4 13. Qc2 Qc8 14. Rfe1 Bh3 15. Bh1 Bb6 {0-1 (27) Kazemzadeh,A-Sanati,I Esfahan 2011}) 10. Nc3 Bg4 {aiming for ...e4.} 11. Na4 (11. h3 $14 Bd7 12. Na4) 11... Qa5 (11... Qa6 $11 12. Qc2 Nb4) 12. Nxc5 (12. h3 $14 Be6 13. b3) 12... Qxc5 $15 13. Qc2 e4 14. Nd2 Rfe8 ({Better is} 14... d5 $11) 15. Nxe4 $14 Nxe4 16. Bxe4 f5 ({Black should play} 16... Bh3 $14) 17. Bd5+ $18 Kh8 18. Bd2 Ne5 19. Bc3 (19. Bxb7 Bf3 $14) 19... Rac8 20. Bxe5 (20. Qa4 $18) 20... Rxe5 $2 (20... Qxd5 $16 21. cxd5 Rxc2) 21. Qd2 h5 (21... Qc7 $142 22. a4 Bh5) 22. Bxb7 Rf8 23. Bg2 h4 24. h3 ({Don't play} 24. gxh4 f4 $18) 24... Bh5 25. Qd4 (25. b4 $18 Qc7 26. gxh4) 25... hxg3 $16 26. Qxc5 (26. fxg3 {is more complex.} Rxe3 27. Qxc5 dxc5 28. g4 Bg6 29. Rad1) 26... Rxc5 (26... gxf2+ $14 27. Rxf2 (27. Kxf2 dxc5 28. Bf3 Bxf3 $16) 27... dxc5) 27. fxg3 $18 Rxc4 28. Rac1 Rb4 29. b3 Rbb8 30. Rc6 Rbd8 31. Ra6 Rf7 (31... Be2 $142 32. Ra4 Bxf1 33. Rh4+ (33. Kxf1 Rfe8 $15) 33... Kg8 34. Bd5+ {[#]} Rf7 $1 {[%mdl 512]}) 32. g4 Bg6 33. gxf5 Rxf5 (33... Bh7 $142 34. Ra5 Rc8) 34. Rxf5 Bxf5 35. Rxa7 {[%mdl 4096] Endgame KRB-KRB} d5 36. b4 d4 37. exd4 Bd3 {[#]} (37... Rxd4 $142 38. b5 Rb4) 38. b5 $1 Bxb5 39. a4 {[%cal Ba2a4,Ba4a5,Ba5a6,Ba6a7][%mdl 32]} Be2 40. d5 Bh5 (40... Bc4 $142 41. Ra5 Kg8) 41. Ra6 Kh7 42. Rc6 g6 $2 (42... Bf7 43. d6 Be8) 43. a5 Kh6 44. a6 Rb8 45. a7 Rb1+ 46. Kh2 (46. Bf1 $142 Ra1 47. Ra6 Bf3 48. a8=Q Rxa6 49. Bxa6 Kg5 50. Qd8+ Kf4 51. Qf8+ Ke5 52. Qxf3) 46... Rb2 {[%mdl 32768] Accuracy: White = 56%, Black = 33%. . Loss on time!?} 0-1